| 000 | 00787 a2200217 4500 | ||
|---|---|---|---|
| 001 | 60517 | ||
| 005 | 20260407155856.0 | ||
| 008 | 260407a2014 arg spa d | ||
| 003 | AR-UNSa-BCEJYS | ||
| 040 |
_aAR-UNSa-BCEJYS _bspa _cAR-UNSa-BCEJYS |
||
| 080 |
_a338.124 _xRetroceso de la actividad económica. Contracción económica (Pobreza...) |
||
| 245 | 1 | 0 |
_aLos parias de la tierra _pEntre la miseria y la xenofobia |
| 020 | _a978-987-503-640-6 | ||
| 264 | 1 |
_aBuenos Aires : _bLa Página _c2014 |
|
| 300 |
_a194 p. _c19 cm. |
||
| 505 | _a1. La pobreza cotidiana – 2. Los más vulnerables – 3. Discriminaciones – 4. Derechos vulnerados- 5. Mitos y realidades - | ||
| 041 | _aspa | ||
| 942 | _cBK | ||
| 590 | _aniveau_biblio:m niveau_hierar:0 | ||
| 100 | 1 | _aKliksberg, Bernardo | |
| 999 |
_c7027 _d7027 |
||